[Event "PRO League Group Stage"]
[Site "chess.com INT"]
[Date "2017.02.22"]
[Round "7"]
[White "Reimanis, Ritvars"]
[Black "Milanovic, Danilo"]
[Result "0-1"]
[BlackTitle "GM"]
[WhiteElo "2264"]
[BlackElo "2502"]
[WhiteTeam "Riga Magicians"]
[BlackTeam "Belgrade Sparrows"]
[WhiteFideId "11602988"]
[BlackFideId "915483"]
[EventDate "2017.01.11"]

1. d4 Nf6 2. c4 c5 3. d5 b5 4. cxb5 a6 5. bxa6 g6 6. Nc3 Bxa6 7. Nf3 d6 8. g3
Bg7 9. Rb1 Nbd7 10. Bg2 Nb6 11. b3 Bb7 12. Nh4 O-O 13. O-O Ne8 14. Bb2 f5 15. a4
Nc7 16. e4 fxe4 17. Bxe4 Qd7 18. Ng2 Qh3 19. Ne3 Bd4 20. Bg2 Qh6 21. Qe2 Ba6 22.
Nc4 Rf7 23. Nb5 Bxb5 24. axb5 Rb8 25. Bxd4 cxd4 26. Nxb6 Rxb6 27. Qc4 Nxb5 28.
Ra1 Rb8 29. f4 Rff8 30. Ra5 Nc3 31. Re1 Qg7 32. Bh3 g5 33. Ra7 Rbe8 34. Bd7 gxf4
35. Bxe8 Rxe8 36. Qc6 Kf8 37. Rc7 Qg4 38. Qc4 f3 39. Qd3 Nxd5 40. Rc4 e5 41. Rf1
Kg7 42. Rxf3 Ra8 43. Qf1 Qg6 44. Rc1 Re8 45. Qh3 e4 46. Rf5 Nf6 47. Rc7+ Kg8 48.
Qf1 Rf8 49. Re7 e3 50. Qf4 h6 51. Re6 Kg7 52. Re7+ Rf7 53. Rxf7+ Kxf7 54. g4 e2
55. Rxf6+ Qxf6 56. Qxf6+ Kxf6 57. Kf2 d3 58. h4 Ke5 59. b4 Kd4 60. b5 Kc3 61. b6
Kd2 62. b7 e1=Q+ 63. Kf3 Qe8 0-1

[Event "PRO League Group Stage"]
[Site "chess.com INT"]
[Date "2017.02.22"]
[Round "7"]
[White "Kovalenko, Igor"]
[Black "Colovic, Aleksandar"]
[Result "0-1"]
[WhiteTitle "GM"]
[BlackTitle "GM"]
[WhiteElo "2684"]
[BlackElo "2443"]
[WhiteTeam "Riga Magicians"]
[BlackTeam "Belgrade Sparrows"]
[WhiteFideId "14117908"]
[BlackFideId "15000729"]
[EventDate "2017.01.11"]

1. c4 e5 2. Nc3 Bb4 3. g3 Bxc3 4. bxc3 d6 5. Bg2 Ne7 6. d3 c5 7. f4 Nbc6 8. Nf3
O-O 9. O-O exf4 10. Bxf4 Ng6 11. Bd2 f6 12. Qc2 Be6 13. h3 Qd7 14. Kh2 Rae8 15.
Rf2 d5 16. cxd5 Bxd5 17. e4 Bf7 18. Be3 b6 19. d4 cxd4 20. cxd4 Na5 21. Re1 Nc4
22. Bc1 Rc8 23. Qb1 Rfe8 24. h4 h6 25. Ref1 Be6 26. Re1 Bg4 27. Qa1 b5 28. Kg1
b4 29. Nh2 Bh3 30. h5 Nf8 31. Bh1 Bg4 32. Nxg4 Qxg4 33. Bf4 Qxh5 34. e5 fxe5 35.
dxe5 Ne6 36. Bd5 Nb6 37. Bb3 Kh8 38. Qd1 Nxf4 39. gxf4 Qh4 40. Re3 Nc4 41. Ref3
Red8 42. Qe1 Nd2 43. Re3 Nxb3 44. axb3 Qg4+ 45. Kh2 Rd1 46. Qe2 Qh4+ 47. Kg2
Qh1+ 48. Kg3 Rg1+ 49. Rg2 Rxg2+ 50. Qxg2 Qxg2+ 51. Kxg2 Rc2+ 52. Kf1 Kg8 53. e6
Kf8 54. Re4 a5 55. f5 Ke7 56. Ke1 Rc5 57. Rf4 Kf6 58. Kd2 Re5 59. Kd3 g6 60.
fxg6+ Kxg6 61. Rf8 Rxe6 62. Kd4 h5 63. Ra8 h4 64. Rxa5 h3 65. Ra1 Kg5 66. Rg1+
Kf4 67. Rg8 Rh6 68. Rf8+ Kg3 69. Rg8+ Kf2 70. Rf8+ Ke2 71. Re8+ Kd2 72. Ra8 Kc2
73. Ra2+ Kxb3 74. Rh2 Ka3 75. Kd3 b3 76. Kd2 b2 77. Kc2 Ka2 78. Kc3 0-1

[Event "PRO League Group Stage"]
[Site "chess.com INT"]
[Date "2017.02.22"]
[Round "7"]
[White "Kovalenko, Igor"]
[Black "Tadic, Branko"]
[Result "0-1"]
[WhiteTitle "GM"]
[BlackTitle "GM"]
[WhiteElo "2684"]
[BlackElo "2472"]
[WhiteTeam "Riga Magicians"]
[BlackTeam "Belgrade Sparrows"]
[WhiteFideId "14117908"]
[BlackFideId "916412"]
[EventDate "2017.01.11"]

1. d4 d5 2. c4 e6 3. Nc3 c5 4. cxd5 exd5 5. Nf3 Nc6 6. g3 Nf6 7. Bg2 Be7 8. O-O
O-O 9. dxc5 d4 10. Na4 Bf5 11. a3 Ne4 12. Nd2 Nxc5 13. Nxc5 Bxc5 14. b4 Bb6 15.
Bb2 Qe7 16. Rc1 Rfd8 17. Re1 a6 18. Nb3 Be4 19. Bxe4 Qxe4 20. Qd3 Qg4 21. Nd2
Re8 22. Qf3 Qe6 23. Nc4 Ba7 24. e3 dxe3 25. Nxe3 Qa2 26. Bxg7 Kxg7 27. Nf5+ Kf8
28. Nd6 Ne5 29. Rxe5 Rxe5 30. Rc7 Qxf2+ 31. Qxf2 Bxf2+ 32. Kxf2 Rd8 33. Nxb7 Rd3
34. Nc5 Rf5+ 35. Kg2 Rxa3 36. Ra7 Ra2+ 37. Kh3 Rh5+ 38. Kg4 Rhxh2 39. Ne4 Ra4
40. Nd6 Rxb4+ 41. Kg5 h6+ 42. Kf6 Rf2+ 43. Ke5 Ra4 44. Ra8+ Kg7 45. Nf5+ Kh7 46.
Nd6 Ra5+ 47. Ke4 Rf6 48. Ne8 Re6+ 49. Kf4 Rc5 50. g4 Rc4+ 51. Kf5 Rc5+ 52. Kf4
a5 53. Rd8 a4 54. Nd6 Rd5 0-1

[Event "PRO League Group Stage"]
[Site "chess.com INT"]
[Date "2017.02.22"]
[Round "7"]
[White "Dreev, Aleksey"]
[Black "Stremavicius, Titas"]
[Result "1/2-1/2"]
[WhiteTitle "GM"]
[BlackTitle "IM"]
[WhiteElo "2651"]
[BlackElo "2468"]
[WhiteTeam "San Diego Surfers"]
[BlackTeam "Dallas Destiny"]
[WhiteFideId "4100107"]
[BlackFideId "12804444"]
[EventDate "2017.01.11"]

1. d4 f5 2. c4 Nf6 3. Nc3 e6 4. e3 d5 5. Bd3 c6 6. Nge2 Bd6 7. f3 O-O 8. Qc2 Kh8
9. Bd2 Na6 10. a3 dxc4 11. Bxc4 Nc7 12. O-O Qe7 13. Bd3 Ncd5 14. Rae1 Qc7 15. g3
Bd7 16. Nxd5 cxd5 17. Qxc7 Bxc7 18. Rc1 Rfc8 19. Bb4 Bd8 20. Bd6 Kg8 21. h3 Ne8
22. Be5 Be7 23. g4 g6 24. gxf5 gxf5 25. e4 Rxc1 26. Rxc1 dxe4 27. fxe4 Rc8 28.
Rxc8 Bxc8 29. exf5 exf5 30. Bc4+ Kf8 31. Nf4 Nd6 32. Bd5 Nf7 33. Bb8 Bd6 34.
Bxd6+ Nxd6 35. Kf2 Ke7 36. Ke3 Bd7 37. b3 Be8 38. Bf3 Bc6 39. Bxc6 bxc6 40. a4
Ne4 41. Nd3 Ke6 42. Nb4 c5 43. Nd3 Kd6 44. a5 a6 45. h4 h6 46. h5 cxd4+ 47. Kxd4
Nf6 48. Nf4 Nd7 49. b4 Ne5 50. Ng6 Nc6+ 51. Kc4 Na7 52. Kd4 Nc6+ 53. Kc4 Na7 54.
Kd3 Nc6 55. Kc3 Kd5 56. Nf4+ Ke5 57. Nd3+ Kd5 58. Nc5 Nxa5 59. Nxa6 1/2-1/2

[Event "PRO League Group Stage"]
[Site "chess.com INT"]
[Date "2017.02.22"]
[Round "7"]
[White "Dreev, Aleksey"]
[Black "Javakhadze, Zurab"]
[Result "1-0"]
[WhiteTitle "GM"]
[BlackTitle "IM"]
[WhiteElo "2651"]
[BlackElo "2468"]
[WhiteTeam "San Diego Surfers"]
[BlackTeam "Dallas Destiny"]
[WhiteFideId "4100107"]
[BlackFideId "13603647"]
[EventDate "2017.01.11"]

1. d4 Nf6 2. Nf3 e6 3. c4 Bb4+ 4. Nbd2 b6 5. a3 Bxd2+ 6. Bxd2 Bb7 7. Bg5 d6 8.
e3 Nbd7 9. Nd2 Qe7 10. f3 e5 11. d5 h6 12. Bh4 g5 13. Bf2 e4 14. Qc2 O-O 15. h4
Rae8 16. hxg5 hxg5 17. O-O-O b5 18. cxb5 Bxd5 19. Nb3 Ne5 20. Rxd5 Nxd5 21. Qxe4
Nf6 22. Qf5 Ng6 23. Qxg5 Qe5 24. Qh6 Qd5 25. Nd4 Re5 26. Nc6 Qc5+ 27. Kb1 Rh5
28. Rxh5 Nxh5 29. Bd3 Re8 30. Bxg6 fxg6 31. Qxg6+ Ng7 32. Nd4 Qc4 33. g4 Qf1+
34. Ka2 Qc4+ 35. b3 Qf1 36. Qc2 Qh1 37. a4 Re5 38. b4 Re7 39. e4 Rf7 40. Be3 Qf1
41. Kb2 Ne8 42. Bd2 Rh7 43. Qb3+ Kh8 44. Bc3 Rh2+ 45. Ka3 Kh7 46. Nf5 d5 47.
Qxd5 Qc1+ 48. Kb3 Qc2+ 49. Kc4 Nd6+ 50. Nxd6 Qa2+ 51. Kc5 cxd6+ 52. Kxd6 Kg6 53.
Qf5+ Kh6 54. Qf6+ Kh7 55. Qg7# 1-0

[Event "PRO League Group Stage"]
[Site "chess.com INT"]
[Date "2017.02.22"]
[Round "7"]
[White "Dudukin, Ilya"]
[Black "Kulkarni, Rakesh"]
[Result "1-0"]
[WhiteTitle "FM"]
[WhiteElo "2396"]
[BlackElo "2344"]
[WhiteTeam "Gorky Stormbringers"]
[BlackTeam "Mumbai Movers"]
[WhiteFideId "4148576"]
[BlackFideId "5037077"]
[EventDate "2017.01.11"]

1. Nf3 Nf6 2. c4 e6 3. Nc3 Bb4 4. Qc2 d5 5. a3 Bxc3 6. Qxc3 O-O 7. e3 c5 8. b3
Nc6 9. Bb2 b6 10. Be2 e5 11. cxd5 Nxd5 12. Qc2 Qe7 13. Bb5 Bb7 14. Bxc6 Bxc6 15.
Nxe5 Bb7 16. O-O Qg5 17. f3 Rad8 18. Rf2 Rd6 19. Qc4 Rfd8 20. f4 Qe7 21. e4 Nf6
22. d3 Nd7 23. Rf3 Nf8 24. Rg3 Ne6 25. Rf1 Nd4 26. Rf2 Qe8 27. Ng4 Qe7 28. e5
Rg6 29. f5 Rxg4 30. Rxg4 Qxe5 31. Bxd4 Rxd4 32. Rxd4 Qe1+ 33. Rf1 Qe3+ 34. Kh1
cxd4 35. Qc7 Bxg2+ 36. Kxg2 Qe2+ 37. Kg1 h5 38. Qb8+ Kh7 39. Qg3 f6 40. Qf3 Qd2
41. Qxh5+ Kg8 42. Qf3 Kh7 43. a4 a6 44. Rf2 Qe1+ 45. Kg2 b5 46. axb5 axb5 47.
Qe4 Qd1 48. Re2 Qxb3 49. Qe8 Qd5+ 50. Kg1 Qxf5 51. Qe4 Qxe4 52. Rxe4 Kg6 53.
Rxd4 Kf5 54. Rb4 1-0

[Event "PRO League Group Stage"]
[Site "chess.com INT"]
[Date "2017.02.22"]
[Round "7"]
[White "Carlstedt, Jonathan"]
[Black "Edouard, Romain"]
[Result "1/2-1/2"]
[WhiteTitle "IM"]
[BlackTitle "GM"]
[WhiteElo "2413"]
[BlackElo "2616"]
[WhiteTeam "Hamburg Swashbucklers"]
[BlackTeam "London Lions"]
[WhiteFideId "24614386"]
[BlackFideId "633429"]
[EventDate "2017.01.11"]

1. d4 e6 2. Nf3 c5 3. c3 Nf6 4. Bg5 h6 5. Bh4 Be7 6. Nbd2 b6 7. e3 Bb7 8. Bd3 d6
9. O-O Nbd7 10. Re1 O-O 11. Rc1 a6 12. Bb1 b5 13. e4 e5 14. dxe5 dxe5 15. Nf1
Re8 16. Ne3 Qc7 17. Nf5 Bf8 18. Qd2 Qc6 19. Rcd1 Nb6 20. b3 c4 21. Bg3 Nbd7 22.
bxc4 bxc4 23. Bc2 Qc7 24. Nd6 Bxd6 25. Qxd6 Qxd6 26. Rxd6 Nc5 27. Nd2 Rac8 28.
f3 Nh5 29. Nxc4 Nxg3 30. hxg3 Rc7 31. Ne3 Ne6 32. c4 Nd4 33. Ba4 Rec8 34. Kf2
Rc5 35. Rb1 Ra5 36. Bb3 Bc6 37. Nf5 Nxf5 38. exf5 e4 39. g4 exf3 40. gxf3 Kf8
41. f6 gxf6 42. Rxf6 Kg7 43. Rd6 h5 44. gxh5 Rxh5 45. Rg1+ Kf8 46. Rf6 a5 47. c5
Bd5 1/2-1/2

[Event "PRO League Group Stage"]
[Site "chess.com INT"]
[Date "2017.02.22"]
[Round "7"]
[White "Altounian, Levon"]
[Black "Mukumbya, Benjamin"]
[Result "1-0"]
[WhiteTitle "IM"]
[WhiteElo "2443"]
[BlackElo "1901"]
[WhiteTeam "Las Vegas Desert Rats"]
[BlackTeam "Seattle Sluggers"]
[WhiteFideId "2011298"]
[BlackFideId "10001115"]
[EventDate "2017.01.11"]

1. e4 c5 2. c3 e6 3. d4 cxd4 4. cxd4 d5 5. e5 Nc6 6. Nf3 Bd7 7. Nc3 Bb4 8. Bd3
Nge7 9. O-O h6 10. Bc2 a6 11. Ne2 Nf5 12. Nf4 g5 13. Bxf5 gxf4 14. Bc2 Qe7 15.
Bxf4 O-O-O 16. a3 Ba5 17. b4 Bb6 18. Rb1 Rdg8 19. Qd2 Na7 20. a4 Kb8 21. b5 a5
22. Bg3 Nc8 23. Bh4 Qa3 24. Qe3 Qxe3 25. fxe3 Bd8 26. Bxd8 Rxd8 27. Nh4 Rdf8 28.
Rf6 Nb6 29. Rbf1 Rhg8 30. Rxf7 Rxf7 31. Rxf7 Rc8 32. Rf2 Rc3 33. Ng6 Rxe3 34.
Nf8 Bc8 35. h4 Re1+ 36. Kh2 Rc1 37. g4 Nc4 38. Re2 Rf1 39. Nh7 Rf4 40. Kg3 Rxd4
41. g5 h5 42. Nf6 Nb6 43. g6 Nd7 44. g7 Nxf6 45. exf6 Rg4+ 46. Kh2 e5 47. Rg2
Rxh4+ 48. Kg1 Be6 49. g8=Q+ Bxg8 50. Rxg8+ Kc7 51. f7 Rf4 52. f8=Q Rxf8 53. Rxf8
Kd6 54. Rf7 b6 55. Rf6+ Kd7 56. Rxb6 e4 57. Kf2 h4 58. Ke3 h3 59. Rh6 h2 60.
Rxh2 Kd6 61. Kd4 Ke6 62. Rh5 Kf6 63. Rxd5 e3 64. Kxe3 Ke6 65. Kd4 Kf6 66. b6 Ke6
67. b7 Kf6 68. b8=Q Ke6 69. Qb6+ Ke7 70. Rxa5 Kd7 71. Ra7+ Kc8 72. Qb7+ Kd8 73.
Qb8# 1-0

[Event "PRO League Group Stage"]
[Site "chess.com INT"]
[Date "2017.02.22"]
[Round "7"]
[White "Collins, Sam E."]
[Black "Ajibola, Olanrewaju"]
[Result "1/2-1/2"]
[WhiteTitle "IM"]
[WhiteElo "2455"]
[BlackElo "2192"]
[WhiteTeam "Dublin Desperados"]
[BlackTeam "Abuja Rockstars"]
[WhiteFideId "2501198"]
[BlackFideId "8500940"]
[EventDate "2017.01.11"]

1. e4 e5 2. Nc3 Nc6 3. g3 Bc5 4. Bg2 Nf6 5. Nge2 O-O 6. O-O a6 7. d3 d6 8. h3 h6
9. Kh2 Nh7 10. f4 f5 11. fxe5 dxe5 12. exf5 Bxf5 13. Be4 Be6 14. Bd2 Qd7 15. Bg2
Rxf1 16. Qxf1 Rf8 17. Qh1 Bb6 18. Rf1 Nb4 19. Rxf8+ Kxf8 20. Qf1+ Kg8 21. Qd1 c6
22. Na4 Nd5 23. Nxb6 Nxb6 24. Nc3 Nf6 25. Qe2 Qd6 26. Qf2 Nbd5 27. a3 b5 28. Ne4
Nxe4 29. dxe4 Ne7 30. Bb4 Qd7 31. Qb6 Ng6 32. h4 Qc8 33. h5 Nh8 34. Qc5 Nf7 35.
Qe7 Bg4 36. Bc3 Qe6 37. Qxe6 Bxe6 38. Bf3 Kf8 39. g4 c5 40. Kg3 Ke7 41. Be2 Kd6
42. Kf2 Nd8 43. Bd2 Nc6 44. c3 Na5 45. g5 hxg5 46. Bxg5 Nc4 47. Bc1 Kc6 48. Kg3
Nd6 49. Bf3 a5 50. Kh4 Nf7 51. Bg4 Bxg4 52. Kxg4 Nd6 53. Kf3 c4 54. Bg5 Kd7 55.
Bh4 Ke6 56. Bf2 a4 57. Bc5 Ne8 58. Be3 Nf6 59. h6 gxh6 60. Bxh6 Nd7 61. Be3 Kf6
62. Kg4 Kg6 63. Bf2 Nf6+ 64. Kf3 Kh5 65. Bg3 Nd7 66. Bh2 Kg5 67. Bg3 Nc5 68.
Bxe5 Nd3 69. Bd6 Nxb2 70. Ke3 Nd3 71. Kd4 Kf6 72. Kd5 Nb2 73. e5+ Kf7 74. e6+
Ke8 75. Kc6 Nd1 76. Bb4 Nb2 77. Kxb5 Kd8 78. Bc5 Ke8 79. Bd6 Kd8 80. Bf4 Ke7 81.
Bc1 Nd3 82. Bg5+ Kxe6 83. Kxc4 Nb2+ 84. Kb4 Kd5 85. Bc1 Nd3+ 86. Kxa4 Nxc1 87.
Kb4 Nd3+ 88. Kb5 Nc5 89. c4+ Kd4 90. a4 Nxa4 91. Kxa4 Kxc4 1/2-1/2

[Event "PRO League Group Stage"]
[Site "chess.com INT"]
[Date "2017.02.22"]
[Round "7"]
[White "Kollars, Dmitrij"]
[Black "Tan, Justin2"]
[Result "0-1"]
[WhiteTitle "IM"]
[BlackTitle "IM"]
[WhiteElo "2500"]
[BlackElo "2451"]
[WhiteTeam "Hamburg Swashbucklers"]
[BlackTeam "London Lions"]
[WhiteFideId "12909572"]
[BlackFideId "3206882"]
[EventDate "2017.01.11"]

1. e4 e5 2. Nf3 Nc6 3. Bb5 a6 4. Ba4 Nf6 5. O-O Be7 6. d3 b5 7. Bb3 d6 8. a3 Na5
9. Ba2 c5 10. Nc3 Be6 11. b4 Nc6 12. Bxe6 fxe6 13. bxc5 dxc5 14. a4 b4 15. Ne2
O-O 16. Nd2 Ne8 17. Bb2 Nd6 18. f4 Bf6 19. Nf3 Nf7 20. f5 exf5 21. exf5 c4 22.
Rb1 b3 23. dxc4 Qxd1 24. Rbxd1 bxc2 25. Rc1 Rfb8 26. Bc3 Nd6 27. Rxc2 Nxf5 28.
Nxe5 Bxe5 29. Rxf5 Rb1+ 30. Rf1 Bxh2+ 31. Kxh2 Rxf1 32. Ng3 Rf4 33. Ba1 Rb8 34.
Ne2 Re4 35. Kg3 Rb3+ 36. Kf2 Nb4 37. Rd2 Nd3+ 38. Kf3 Rxc4 39. Nd4 Ra3 40. Ke4
Rxa1 41. Kxd3 Rcxa4 42. Ke4 Re1+ 43. Kd5 h5 44. Nc6 Rg4 45. Kd6 Kh7 46. Ne5 Rg5
47. Nf3 Rg6+ 48. Kc5 Re8 49. Kb4 Rb8+ 50. Ka4 Rb1 51. Rd5 Rxg2 0-1

[Event "PRO League Group Stage"]
[Site "chess.com INT"]
[Date "2017.02.22"]
[Round "7"]
[White "Kollars, Dmitrij"]
[Black "Harvey, Marcus R"]
[Result "1-0"]
[WhiteTitle "IM"]
[BlackTitle "FM"]
[WhiteElo "2500"]
[BlackElo "2275"]
[WhiteTeam "Hamburg Swashbucklers"]
[BlackTeam "London Lions"]
[WhiteFideId "12909572"]
[BlackFideId "400092"]
[EventDate "2017.01.11"]

1. e4 e6 2. d4 d5 3. Nc3 Nf6 4. e5 Nfd7 5. f4 c5 6. Nf3 Nc6 7. Be3 a6 8. Qd2 Qb6
9. O-O-O Qa5 10. dxc5 Bxc5 11. Bxc5 Nxc5 12. Kb1 O-O 13. Nd4 Bd7 14. g4 Rac8 15.
Bg2 Nxd4 16. Qxd4 Na4 17. Nxa4 Bxa4 18. b3 Bd7 19. c4 dxc4 20. Qxd7 cxb3 21.
axb3 Rc3 22. Rd3 Rxd3 23. Qxd3 Rd8 24. Qc2 g5 25. Rd1 gxf4 26. Rxd8+ Qxd8 27.
Bxb7 Qb6 28. Be4 Kg7 29. Ka2 Qa5+ 30. Kb2 h6 31. Qc3 Qb5 32. Bf3 Qf1 33. Ka3 Qf2
34. h3 Kg6 35. Bb7 Qb6 36. Qd3+ Kg5 37. Bxa6 Qa5+ 38. Kb2 Kh4 39. Bb5 f3 40. Qf1
Qd2+ 41. Kb1 f2 42. Bc4 Qe1+ 43. Kc2 Kg3 44. Qd3+ Kg2 45. Qc3 f1=Q 46. Bxf1+
Qxf1 47. b4 Qa6 48. Qd2+ Kg1 49. Kb3 Qb7 50. Qd3 Kh2 51. b5 Qh1 52. b6 Qb7 53.
Qe3 Qc6 54. Kb4 Kg2 55. h4 Qc2 56. h5 Qb2+ 57. Kc5 Qc2+ 58. Kd6 Qc8 59. Ke7 Qb7+
60. Kf6 Kh2 61. g5 hxg5 62. h6 Qb8 63. Kg7 f5 64. exf6 g4 65. h7 Kg2 66. h8=Q 1-0

[Event "PRO League Group Stage"]
[Site "chess.com INT"]
[Date "2017.02.22"]
[Round "7"]
[White "Biag, Ivan Gil"]
[Black "Cunningham, Robin"]
[Result "1/2-1/2"]
[WhiteTitle "FM"]
[BlackTitle "FM"]
[WhiteElo "2337"]
[BlackElo "2263"]
[WhiteTeam "New York Knights"]
[BlackTeam "Carolina Cobras"]
[WhiteFideId "5201624"]
[BlackFideId "2005093"]
[EventDate "2017.01.11"]

1. d4 d5 2. c4 e6 3. Nc3 Be7 4. Nf3 Nf6 5. Bf4 O-O 6. e3 c5 7. cxd5 Nxd5 8. Nxd5
exd5 9. Be2 cxd4 10. exd4 Nc6 11. O-O Qb6 12. Qd2 Bf5 13. Rac1 Rfe8 14. a3 Bf6
15. Rfd1 a6 16. b4 Rad8 17. Be3 Rd7 18. h3 h6 19. Rc5 Be7 20. Rcc1 Bf6 21. Rc5
Be7 22. Rcc1 Bf6 1/2-1/2

[Event "PRO League Group Stage"]
[Site "chess.com INT"]
[Date "2017.02.22"]
[Round "7"]
[White "Biag, Ivan Gil"]
[Black "Wang, Tianqi"]
[Result "0-1"]
[WhiteTitle "FM"]
[WhiteElo "2337"]
[BlackElo "2199"]
[WhiteTeam "New York Knights"]
[BlackTeam "Carolina Cobras"]
[WhiteFideId "5201624"]
[BlackFideId "2063824"]
[EventDate "2017.01.11"]

1. d4 Nf6 2. c4 e6 3. Nc3 d6 4. e4 Nbd7 5. Be3 c5 6. d5 exd5 7. cxd5 a6 8. a4
Be7 9. f3 O-O 10. Nh3 Ne8 11. Be2 Ndf6 12. Nf2 b6 13. O-O Nc7 14. Rb1 Re8 15. b4
Bf8 16. Qd2 Bd7 17. bxc5 bxc5 18. Bc4 h6 19. Nd3 Bc8 20. Rfe1 Nd7 21. Bf4 Qf6
22. Ne2 a5 23. Rec1 Ba6 24. Bxa6 Nxa6 25. Nc3 Nb4 26. Nb5 Nxd3 27. Qxd3 Qxf4 28.
Nc7 Ne5 29. Qe2 g5 30. Rf1 Ng6 31. Nxe8 Rxe8 32. Qb5 Ra8 33. Qc6 Ra7 34. Qb6 Ra8
35. Qc6 Rd8 36. Qc7 Re8 37. Qxa5 Bg7 38. Qb5 Rf8 39. a5 Bd4+ 40. Kh1 h5 41. g3
Qf6 42. a6 h4 43. a7 c4 44. Qb8 hxg3 45. hxg3 Bxa7 46. Qxa7 Kg7 47. Kg2 Ne5 48.
Qe3 Ra8 49. Rf2 Nd3 50. Rc2 Ra3 51. Qe2 Qd4 52. Rf1 Kg6 53. f4 gxf4 54. gxf4 Kf6
55. Rd2 Ke7 56. Rc2 Qg7+ 57. Kh2 Qh6+ 58. Kg1 Nxf4 59. Qh2 Qg5+ 60. Kh1 Rh3 61.
Qxh3 Nxh3 62. Rxc4 Nf4 63. Rc2 Qe5 64. Re1 Nxd5 0-1

[Event "PRO League Group Stage"]
[Site "chess.com INT"]
[Date "2017.02.22"]
[Round "7"]
[White "Degraeve, Jean-Marc"]
[Black "Kleijn, Christov"]
[Result "1-0"]
[WhiteTitle "GM"]
[BlackTitle "IM"]
[WhiteElo "2591"]
[BlackElo "2437"]
[WhiteTeam "Marseille Migraines"]
[BlackTeam "Amsterdam Mosquitos"]
[WhiteFideId "600270"]
[BlackFideId "1013564"]
[EventDate "2017.01.11"]

1. e4 c5 2. Nf3 d6 3. Bb5+ Nc6 4. O-O Bd7 5. Re1 a6 6. Bf1 Bg4 7. c3 Nf6 8. d4
cxd4 9. cxd4 e5 10. d5 Nd4 11. Nbd2 Be7 12. h3 Bh5 13. g4 Nxf3+ 14. Qxf3 Bg6 15.
a4 h5 16. g5 Nh7 17. h4 f6 18. gxf6 Nxf6 19. Qh3 Ng4 20. Re2 O-O 21. a5 Bxh4 22.
f3 Nh6 23. Nc4 Bg5 24. Rg2 Bxc1 25. Rxg6 Bf4 26. Nxd6 Kh7 27. Qxh5 Rf6 28. Rxf6
Qxf6 29. Nc4 Rc8 30. b3 Rf8 31. d6 Kg8 32. Rd1 Rd8 33. d7 g6 34. Qh3 Nf7 35. Qg4
Kg7 36. Bh3 Rh8 37. Kf1 Bg5 38. Ke2 Rh4 39. Qg2 Qf4 40. Rh1 Bd8 41. Bg4 Rxh1 42.
Qxh1 Ng5 43. Qg1 Nh7 44. Qc5 Nf6 45. Qxe5 Qc1 46. Qb2 Qg1 47. Qc3 Qg2+ 48. Kd3
Qf1+ 49. Kc2 Kh7 50. Be6 Nh5 51. Ne5 Qf2+ 52. Qd2 Qc5+ 53. Nc4 Qe7 54. Bg4 Nf6
55. Qh2+ Kg8 56. Qe5 Kf7 57. Nd6+ Kf8 58. Qxe7+ Kxe7 59. Nxb7 1-0

[Event "PRO League Group Stage"]
[Site "chess.com INT"]
[Date "2017.02.22"]
[Round "7"]
[White "Degraeve, Jean-Marc"]
[Black "Ducarmon, Quinten"]
[Result "1/2-1/2"]
[WhiteTitle "GM"]
[BlackTitle "IM"]
[WhiteElo "2591"]
[BlackElo "2468"]
[WhiteTeam "Marseille Migraines"]
[BlackTeam "Amsterdam Mosquitos"]
[WhiteFideId "600270"]
[BlackFideId "1025007"]
[EventDate "2017.01.11"]

1. e4 c6 2. d4 d5 3. e5 c5 4. dxc5 Nc6 5. Nf3 Bg4 6. c3 e6 7. b4 Nge7 8. Nbd2
Qc7 9. Be2 Ng6 10. O-O Be7 11. a3 O-O 12. c4 Rfd8 13. cxd5 Rxd5 14. h3 Bf5 15.
Qb3 Ncxe5 16. Nxe5 Nxe5 17. Nc4 Bd3 18. Bxd3 Rxd3 19. Qc2 Rad8 20. Nxe5 Qxe5 21.
Bb2 Qd5 22. Qe2 Qb3 23. Be5 Qd5 24. Bb2 Qb3 25. Be5 Qd5 26. Bb2 Qb3 1/2-1/2

[Event "PRO League Group Stage"]
[Site "chess.com INT"]
[Date "2017.02.22"]
[Round "7"]
[White "Salomon, Johan"]
[Black "Beletic, Daniel"]
[Result "1/2-1/2"]
[WhiteTitle "IM"]
[BlackTitle "FM"]
[WhiteElo "2470"]
[BlackElo "2286"]
[WhiteTeam "Norway Gnomes"]
[BlackTeam "Ljubljana Direwolves"]
[WhiteFideId "1509500"]
[BlackFideId "14602709"]
[EventDate "2017.01.11"]

1. Nf3 d6 2. d4 g6 3. e4 Bg7 4. c3 Nf6 5. Bd3 O-O 6. O-O Nc6 7. h3 e5 8. a4 exd4
9. cxd4 Nb4 10. Nc3 Nxd3 11. Qxd3 Re8 12. Bg5 h6 13. Bh4 g5 14. Bg3 Nxe4 15.
Nxe4 Bf5 16. Nfd2 d5 17. Qb5 Bxe4 18. Nxe4 Rxe4 19. Qxb7 Rxd4 20. Rac1 Rc4 21.
Bxc7 Qe8 22. Qxd5 Rxc1 23. Rxc1 Bxb2 24. Rb1 Rc8 25. Qb7 Qd7 26. Rxb2 Qxc7 27.
Qxc7 Rxc7 28. Rb5 Rc6 29. Ra5 a6 30. Kh2 Rf6 31. Kg3 Kg7 32. f3 Kg6 33. h4 Rd6
34. Rc5 gxh4+ 35. Kh3 f6 36. a5 h5 37. Kxh4 Rd4+ 38. Kh3 Ra4 39. g3 Kh6 40. Rd5
Kg6 41. f4 Ra2 42. Rc5 Ra4 43. Kg2 Ra2+ 44. Kh3 Ra4 45. Kh4 Ra2 46. g4 hxg4 47.
Kxg4 Ra4 48. Rd5 Ra3 49. Rc5 Ra1 50. Kf3 Ra4 51. Rd5 Ra3+ 52. Kg4 Ra4 53. Rc5
Ra3 54. Rd5 Ra4 55. Kf3 Ra3+ 56. Ke4 Ra4+ 57. Ke3 Ra3+ 58. Kd4 Ra4+ 59. Ke3 Ra3+
60. Ke4 Ra4+ 61. Kf3 Ra3+ 62. Kg4 Ra4 63. Rh5 Ra1 64. Rc5 Ra4 65. Kf3 Ra3+ 66.
Ke4 Ra4+ 67. Ke3 Ra3+ 68. Ke4 Ra4+ 69. Kf3 Ra3+ 70. Kg4 Ra4 1/2-1/2

[Event "PRO League Group Stage"]
[Site "chess.com INT"]
[Date "2017.02.22"]
[Round "7"]
[White "Colas, Joshua"]
[Black "Dragun, Kamil"]
[Result "1-0"]
[WhiteTitle "FM"]
[BlackTitle "GM"]
[WhiteElo "2328"]
[BlackElo "2614"]
[WhiteTeam "Webster Windmills"]
[BlackTeam "Rio Grande Ospreys"]
[WhiteFideId "2044447"]
[BlackFideId "1134167"]
[EventDate "2017.01.11"]

1. d4 Nf6 2. c4 e6 3. Nc3 Bb4 4. e3 O-O 5. Bd3 d5 6. Nf3 b6 7. O-O Ba6 8. cxd5
exd5 9. Ne5 Bxd3 10. Qxd3 Re8 11. Bd2 c5 12. Rad1 c4 13. Qc2 Bxc3 14. Bxc3 Qd6
15. Qa4 a6 16. Bb4 Qe6 17. Rfe1 b5 18. Qa5 Nfd7 19. Nxd7 Qxd7 20. Bc5 Nc6 21.
Qc3 a5 22. a3 Qb7 23. f3 b4 24. Qc2 bxa3 25. Bxa3 Nb4 26. Qc3 Re6 27. Re2 Rae8
28. b3 Rc8 29. bxc4 Rxc4 30. Qb3 Qb5 31. Bxb4 axb4 32. Rb2 g6 33. h3 Ra6 34. e4
Qc6 35. exd5 Qxd5 36. Qe3 Re6 37. Qd3 Rd6 38. Rbd2 Rc3 39. Qb1 b3 40. Qb2 Rdc6
41. Rd3 Rxd3 42. Rxd3 Rb6 43. Kh2 h5 44. Kg1 Kh7 45. Kh2 Rb7 46. Kg1 Qc4 47. Rd2
Ra7 48. d5 Ra2 49. Qf6 Qc5+ 50. Kh2 Rxd2 51. Qxf7+ Kh8 52. Qf6+ Kg8 53. Qxg6+
Kf8 54. Qh6+ Ke7 55. Qxd2 Qc7+ 56. f4 Qc2 57. Qe3+ Kd8 58. Qb6+ Ke8 59. Qe6+ Kf8
60. d6 b2 61. Qe7+ Kg8 62. d7 Qd2 63. d8=Q+ 1-0